[Event "Mechanics' Spring TNM; G/2"]
[Site "San Francisco"]
[Date "2016.03.29"]
[Round "3.47"]
[White "Aafjes, Marc"]
[Black "Donaldson, Kyle Ga"]
[Result "0-1"]
[WhiteElo "1311"]
[BlackElo "1434"]
[Annotator "Donaldson"]
[PlyCount "80"]
[EventDate "2016.??.??"]

1. d4 d5 2. c4 e6 3. Nf3 Nf6 4. Bg5 c5 5. cxd5 exd5 6. Nc3 Be6 7. e3 Be7 8.
Bb5+ Nc6 9. O-O O-O 10. Bxf6 Bxf6 11. dxc5 Bxc3 12. bxc3 Qa5 13. Bxc6 bxc6 14.
Qd4 f6 15. a4 Rae8 16. Qb4 Qc7 17. a5 Rb8 18. Qa4 Rb5 19. Nd4 Qf7 20. Nxb5 Qg6
21. Nxa7 Bh3 22. g3 Qf5 23. Qf4 Qd7 24. Nxc6 Qxc6 25. Qd6 Qa8 26. Rfe1 d4 27.
e4 Rd8 28. Qf4 dxc3 29. g4 Qc8 30. Qe3 Qxg4+ 31. Qg3 Qe6 32. Qxc3 h5 33. a6 h4
34. Kh1 Qg4 35. Rg1 Qxe4+ 36. f3 Qa8 37. Qxf6 Qa7 38. Rxg7+ Qxg7 39. Rg1 $4 {
Diagram [#]} (39. Qxd8+ $18) 39... Bg2+ $1 40. Rxg2 Rd1+ 0-1

[Event "Mechanics' Spring TNM; G/2"]
[Site "San Francisco"]
[Date "2016.04.19"]
[Round "6.48"]
[White "Aafjes, Marc"]
[Black "Donnelly, Patrick"]
[Result "1-0"]
[WhiteElo "1311"]
[BlackElo "1505"]
[Annotator "Donaldson"]
[PlyCount "83"]
[EventDate "2016.??.??"]

1. d4 Nf6 2. Nf3 g6 3. Bf4 Bg7 4. e3 O-O 5. c4 d6 6. Nc3 Nbd7 7. Bd3 Re8 8. O-O
e5 9. Bg5 h6 10. dxe5 dxe5 11. Bxf6 Nxf6 12. Qc2 Qe7 13. e4 Bg4 14. Be2 Rad8
15. Nd5 Nxd5 16. cxd5 f5 17. Bc4 Kh8 18. Nd2 Qg5 19. f3 Bh3 20. Rf2 f4 21. Kh1
Bd7 22. a4 Bf8 23. Rb1 Bc5 24. Re2 Qe7 25. b3 g5 26. Rd1 h5 27. Nf1 g4 28. Qb2
{Diagram [#]} Rg8 (28... gxf3 $1 29. gxf3 Rg8 30. Rg2 Bh3 $19) 29. d6 $1 {
(The best practical chance although Black is still better.)} Qg5 $4 (29... cxd6
30. Bxg8 Rxg8 31. Nd2 Qg5 $17) 30. dxc7 gxf3 31. Bxg8 Rxg8 32. Red2 $4 (32. Rd6
) (32. Rxd7 fxe2 33. Qxe2 $18) 32... Bh3 $1 33. g3 Bxf1 $2 (33... h4 $1) 34.
Rxf1 fxg3 35. hxg3 $2 (35. Rxf3 $1 $18) 35... Qxg3 $19 36. Qc1 h4 $2 (36... f2
$19) 37. Rh2 $18 Kh7 38. Qxc5 h3 39. Rg1 f2 40. Qxf2 Qxf2 41. Rxf2 Rc8 42. Rf7+
1-0

[Event "Mechanics' Spring TNM; G/2"]
[Site "San Francisco"]
[Date "2016.05.03"]
[Round "8.43"]
[White "Aafjes, Marc"]
[Black "Frank, Robert"]
[Result "1-0"]
[WhiteElo "1311"]
[BlackElo "1319"]
[PlyCount "29"]
[EventDate "2016.??.??"]

1. d4 Nf6 2. Bg5 h6 3. Bh4 d5 4. e3 c5 5. dxc5 Qa5+ 6. Nc3 g5 7. Bg3 Qxc5 8.
Be5 Nbd7 9. Bxf6 Nxf6 10. Bb5+ Bd7 11. Bxd7+ Kxd7 12. Nf3 Kd6 13. e4 e5 14.
exd5 Nxd5 15. Ne4+ 1-0

[Event "Mechanics' Winter TNM; G/2"]
[Site "San Francisco"]
[Date "2016.01.12"]
[Round "2.35"]
[White "Aafjes, Marc"]
[Black "Kim, Isaiah Taeshi"]
[Result "0-1"]
[WhiteElo "1311"]
[BlackElo "1639"]
[PlyCount "48"]
[EventDate "2016.??.??"]

1. d4 d5 2. c4 e6 3. Nc3 Be7 4. e4 dxe4 5. Nxe4 Nf6 6. Ng3 c5 7. Nf3 Nc6 8. Be3
Ng4 9. d5 Nxe3 10. fxe3 exd5 11. cxd5 Nb4 12. Bb5+ Bd7 13. Bxd7+ Qxd7 14. e4
Qb5 15. Qb3 c4 16. Nd4 cxb3 17. Nxb5 Nc2+ 18. Kd2 Nxa1 19. Rxa1 Kd7 20. axb3 a6
21. Nc3 Bd6 22. Rf1 Raf8 23. Kd3 g6 24. Na4 b5 0-1

[Event "Mechanics' Spring TNM; G/2"]
[Site "San Francisco"]
[Date "2016.03.15"]
[Round "1.28"]
[White "Aafjes, Marc"]
[Black "Ochoa, Jason"]
[Result "0-1"]
[WhiteElo "1311"]
[BlackElo "1893"]
[PlyCount "59"]
[EventDate "2016.??.??"]

1. d4 Nf6 2. Nc3 g6 3. e4 d6 4. Nf3 Bg7 5. Bc4 O-O 6. Bg5 c6 7. e5 dxe5 8. Nxe5
b5 9. Nxf7 Rxf7 10. Bxf7+ Kxf7 11. O-O b4 12. Ne2 Bg4 13. c3 bxc3 14. bxc3 Nd5
15. f3 Be6 16. Rc1 Nd7 17. Nf4 Nxf4 18. Bxf4 Bc4 19. Re1 Nb6 20. Qd2 Nd5 21.
Be5 Nf6 22. Rc2 Qd5 23. Rb2 Rd8 24. a4 c5 25. Qf4 Rd7 26. Bxf6 Bxf6 27. Re5 Qd6
28. g3 cxd4 29. Rd2 Qxe5 30. Qh6 0-1

[Event "Mechanics' Winter TNM; G/2"]
[Site "San Francisco"]
[Date "2016.02.16"]
[Round "7.22"]
[White "Aafjes, Marc"]
[Black "Rudyak, Felix"]
[Result "0-1"]
[WhiteElo "1311"]
[BlackElo "1973"]
[PlyCount "54"]
[EventDate "2016.??.??"]

1. d4 d5 2. c4 Nc6 3. Nf3 Bg4 4. cxd5 Bxf3 5. dxc6 Bxc6 6. Bf4 Nf6 7. a3 e6 8.
e3 Ne4 9. Nd2 g5 10. Nxe4 gxf4 11. Nc3 fxe3 12. fxe3 Qh4+ 13. g3 Qg5 14. e4
O-O-O 15. Qd3 Bg7 16. h4 Qg6 17. d5 exd5 18. Bh3+ Kb8 19. O-O-O d4 20. Bf5 Qh6+
21. Kb1 a6 22. Ne2 Ba4 23. Rc1 Bb5 24. Qf3 Qb6 25. Rh2 d3 26. Nf4 d2 27. Rd1 {
Diagram #} Be2 0-1

[Event "Mechanics' Summer TNM; G/2"]
[Site "San Francisco"]
[Date "2016.06.07"]
[Round "3.33"]
[White "Ablang, Janoah"]
[Black "Donnelly, Patrick"]
[Result "0-1"]
[WhiteElo "824"]
[BlackElo "1729"]
[PlyCount "76"]
[EventDate "2016.??.??"]

1. Nf3 Nf6 2. d4 g6 3. Nc3 Bg7 4. e3 O-O 5. Be2 d6 6. O-O Nbd7 7. Re1 c5 8.
dxc5 Nxc5 9. b4 $4 Nce4 10. Bb2 Nxc3 11. Bxc3 Qc7 12. Bxf6 Bxf6 13. Rb1 e5 14.
Nd2 d5 15. e4 d4 16. Nf3 Be6 17. a3 Rac8 18. Rb2 Qc3 19. Qc1 Rfd8 20. Ng5 Bxg5
21. Qxg5 Qxe1+ 22. Bf1 Bc4 23. h4 Qxf1+ 24. Kh2 Qxf2 25. h5 Qf4+ 26. Qxf4 exf4
27. hxg6 fxg6 28. Rb1 Re8 29. Re1 Re5 30. Kg1 Rce8 31. Rb1 Rxe4 32. b5 Re2 33.
b6 a6 34. Rb4 Rxc2 35. Kh2 Re5 36. Kh3 h5 37. g4 Bf1+ 38. Kh4 Rh2# 0-1

[Event "Mechanics' Fall TNM; G/2"]
[Site "San Francisco"]
[Date "2016.11.08"]
[Round "4.35"]
[White "Abraham, Michael"]
[Black "Simpkins, Jerry"]
[Result "1-0"]
[WhiteElo "1512"]
[BlackElo "1542"]
[PlyCount "35"]
[EventDate "2016.??.??"]

1. d4 e5 2. dxe5 Nc6 3. Nf3 Qe7 4. Nc3 Nxe5 5. e4 Nxf3+ 6. Qxf3 c6 7. Bd3 Qf6
8. Bf4 Bb4 9. e5 Qd8 10. O-O Ne7 11. Bg5 O-O 12. Qe4 f6 13. Qxh7+ Kf7 14. exf6
Rg8 15. fxe7 Bxe7 16. Bg6+ Kf8 17. Bxe7+ Qxe7 18. Rae1 1-0

[Event "Mechanics' Fall TNM; G/2"]
[Site "San Francisco"]
[Date "2016.10.25"]
[Round "2.43"]
[White "Abraham, Michael D"]
[Black "Baterdene, Jonathan"]
[Result "1-0"]
[WhiteElo "1512"]
[BlackElo "970"]
[PlyCount "81"]
[EventDate "2016.??.??"]

1. d4 d5 2. c4 e6 3. Nf3 Nc6 4. Nc3 Nf6 5. Bg5 Be7 6. e3 Ne4 7. Bxe7 Qxe7 8.
cxd5 Nxc3 9. bxc3 exd5 10. Bb5 O-O 11. O-O Qf6 12. Qb3 Ne7 13. Rfe1 c6 14. Bd3
Bf5 15. Bxf5 Qxf5 16. Qxb7 Ng6 17. Qxc6 Rfc8 18. Qb7 Rab8 19. Qxa7 Rb2 20. Qa6
Rxc3 21. Rec1 Rxc1+ 22. Rxc1 h6 23. h3 Nh4 24. Qc8+ Qxc8 25. Rxc8+ Kh7 26. Nxh4
h5 27. a4 Ra2 28. Ra8 Ra1+ 29. Kh2 f6 30. Ra7 Kh6 31. Nf5+ Kg6 32. Nxg7 h4 33.
Ne6 f5 34. Nc5 Kg5 35. Rd7 Kf6 36. Rxd5 Kg6 37. Rd6+ Kf7 38. Ra6 f4 39. d5 Ke7
40. d6+ Kd8 41. Ra8# 1-0

[Event "Mechanics' Fall TNM; G/2"]
[Site "San Francisco"]
[Date "2016.11.29"]
[Round "7.20"]
[White "Abraham, Michael D"]
[Black "Clemens, Kristian"]
[Result "0-1"]
[WhiteElo "1512"]
[BlackElo "1944"]
[PlyCount "56"]
[EventDate "2016.??.??"]

1. d4 d5 2. c4 e6 3. Nf3 Nf6 4. Bg5 Be7 5. Nc3 Nbd7 6. e3 O-O 7. Bd3 dxc4 8.
Bxc4 c5 9. O-O cxd4 10. exd4 Nb6 11. Bb3 Nfd5 12. Bxe7 Nxe7 13. Re1 Nbd5 14.
Rc1 b6 15. Ne4 Bb7 16. Nfg5 h6 17. Nf3 Rc8 18. Rxc8 Nxc8 19. Ne5 Nd6 20. Bc2
Nb4 21. Bb1 Nxe4 22. Bxe4 Bxe4 23. Rxe4 Qd5 24. Rh4 Qxa2 25. h3 Qxb2 26. Qg4
Nd5 27. Kh2 Qxf2 28. Nf3 Ne3 0-1

[Event "Mechanics' Spring TNM; G/2"]
[Site "San Francisco"]
[Date "2016.05.03"]
[Round "8.38"]
[White "Abraham, Michael D"]
[Black "Enkh, Tergelsar"]
[Result "0-1"]
[WhiteElo "1549"]
[BlackElo "1081"]
[Annotator "Donaldson"]
[PlyCount "68"]
[EventDate "2016.??.??"]

1. d4 d5 2. c4 c6 3. Nf3 Nf6 4. Bg5 Bg4 (4... dxc4) 5. e3 e6 6. Nc3 Be7 7. Be2
Nbd7 8. O-O dxc4 9. Bxc4 O-O 10. Re1 Rc8 11. h3 Bh5 12. Be2 Nd5 13. Bxe7 Qxe7
14. e4 N5b6 15. a4 Nf6 16. a5 Nbd7 17. Qd3 Rfd8 18. Nd2 Bg6 19. Qg3 e5 20. d5
cxd5 21. Nxd5 Nxd5 22. exd5 f6 23. Bc4 Qb4 24. Qc3 Qxc3 25. bxc3 Nc5 26. Rac1
Bd3 27. Ba2 Bb5 28. Ne4 Nd3 29. d6+ Kf8 30. d7 Bxd7 31. Nd6 Rc7 32. Red1 Nxc1
33. Nb5 Bxb5 34. Rxd8+ Ke7 0-1

[Event "Mechanics' Spring TNM; G/2"]
[Site "San Francisco"]
[Date "2016.03.15"]
[Round "1.11"]
[White "Abraham, Michael D"]
[Black "Houshdaran, Soheil"]
[Result "0-1"]
[WhiteElo "1549"]
[BlackElo "2026"]
[PlyCount "54"]
[EventDate "2016.??.??"]

1. d4 Nf6 2. c4 c5 3. d5 g6 4. Nc3 Bg7 5. Nf3 O-O 6. e4 d6 7. Be3 e6 8. Qd2
exd5 9. cxd5 Re8 10. Bd3 b5 11. Bg5 b4 12. Ne2 c4 13. Bxf6 Qxf6 14. Bxc4 Rxe4
15. Bb3 Ba6 16. Bd1 Qxb2 17. Qxb2 Bxb2 18. Rb1 Bc3+ 19. Kf1 Nd7 20. Nfg1 Rae8
21. f3 Rd4 22. Kf2 Rd2 23. Kg3 Nf6 24. Nxc3 bxc3 25. Rc1 Re1 26. Rxc3 Rexd1 27.
Ra3 Nh5+ 0-1

[Event "Mechanics' Spring TNM; G/2"]
[Site "San Francisco"]
[Date "2016.04.12"]
[Round "5.14"]
[White "Abraham, Michael D"]
[Black "Krasnov, Steven Le"]
[Result "0-1"]
[WhiteElo "1549"]
[BlackElo "1993"]
[PlyCount "68"]
[EventDate "2016.??.??"]

1. d4 Nf6 2. c4 e6 3. Nf3 d5 4. Bg5 h6 5. Bh4 Nbd7 6. Nc3 c6 7. a3 Be7 8. e3
O-O 9. Bd3 dxc4 10. Bxc4 b5 11. Bb3 Bb7 12. O-O a6 13. Re1 Rc8 14. e4 c5 15. e5
Nd5 16. Bxe7 Nxe7 17. Ne4 cxd4 18. Nd6 Bxf3 19. gxf3 Rc6 20. Qxd4 Nxe5 21. Qxe5
Qxd6 22. Qe4 Rc5 23. f4 Ng6 24. Red1 Qxf4 25. Bc2 Rg5+ 26. Kf1 Qxh2 27. Qf3 Nf4
28. Ke1 Rc8 29. Rac1 Re5+ 30. Kf1 Rec5 31. Rd2 g6 32. Qg3 Qh1+ 33. Qg1 Qh3+ 34.
Ke1 Re5+ 0-1

[Event "Mechanics' Fall TNM; G/2"]
[Site "San Francisco"]
[Date "2016.12.13"]
[Round "9.33"]
[White "Abraham, Michael D"]
[Black "MacIntyre, Brendan"]
[Result "1-0"]
[WhiteElo "1512"]
[BlackElo "1548"]
[PlyCount "67"]
[EventDate "2016.??.??"]

1. d4 d5 2. c4 c6 3. Nf3 Nf6 4. Bg5 Bf5 5. Nc3 e6 6. e3 h6 7. Bh4 Bd6 8. Bd3
Bxd3 9. Qxd3 Nbd7 10. O-O O-O 11. c5 Be7 12. h3 b6 13. b4 bxc5 14. bxc5 Nh5 15.
Bxe7 Qxe7 16. Qa6 Nb8 17. Qa4 Qc7 18. Rab1 a5 19. Rb2 Nd7 20. Rfb1 Ra7 21. e4
g5 22. exd5 exd5 23. Ne5 Nxe5 24. dxe5 Qxe5 25. Nd1 Rc8 26. Qg4 f5 27. Qxh5
Qe1+ 28. Kh2 Qe5+ 29. g3 Qe4 30. Rb8 Rxb8 31. Rxb8+ Kg7 32. Re8 Qd4 33. Re6 Rb7
34. Qg6+ 1-0

[Event "Mechanics' Spring TNM; G/2"]
[Site "San Francisco"]
[Date "2016.03.29"]
[Round "3.25"]
[White "Abraham, Michael D"]
[Black "Newey, Richard H"]
[Result "1/2-1/2"]
[WhiteElo "1549"]
[BlackElo "1819"]
[PlyCount "94"]
[EventDate "2016.??.??"]

1. d4 d5 2. c4 e6 3. Nf3 Nf6 4. Bg5 Nbd7 5. Nc3 Be7 6. e3 O-O 7. Bd3 dxc4 8.
Bxc4 c5 9. O-O cxd4 10. Qxd4 Qb6 11. Qxb6 Nxb6 12. Bb3 h6 13. Bh4 a6 14. e4 Re8
15. Rfd1 Bd7 16. Bxf6 gxf6 17. a4 Bc6 18. a5 Nd7 19. Nd4 Nc5 20. Bc2 Red8 21.
b4 Nd7 22. Nxc6 bxc6 23. Ba4 Bxb4 24. Na2 Nc5 25. Bxc6 Rxd1+ 26. Rxd1 Rb8 27.
Rb1 Nd3 28. Rb3 Rd8 29. g3 Bxa5 30. Ra3 Be1 31. Rxa6 Bxf2+ 32. Kg2 Be1 33. Kf1
Bd2 34. Ke2 Nc5 35. Ra8 Rxa8 36. Bxa8 Ba5 37. Nc1 Kf8 38. Nd3 Nd7 39. Bc6 Ke7
40. g4 Bc7 41. h3 Ne5 42. Bb5 Kd6 43. Nxe5 fxe5 44. Kf3 Bd8 45. Kg3 Bg5 46. h4
Bf4+ 47. Kf3 f6 1/2-1/2

[Event "Mechanics' Fall TNM; G/2"]
[Site "San Francisco"]
[Date "2016.11.08"]
[Round "4.43"]
[White "Adams, Sophie"]
[Black "Bayaraa, Timothy"]
[Result "1-0"]
[WhiteElo "1224"]
[BlackElo "554"]
[Annotator "Donaldson"]
[PlyCount "33"]
[EventDate "2016.??.??"]

1. e4 e5 2. Nf3 Nc6 3. Bc4 Bc5 4. c3 Nf6 5. d4 exd4 6. cxd4 Bb4+ 7. Bd2 Bxd2+
8. Nbxd2 {The Russian-French-American Grandmaster Nicholas Rossolimo won many
pretty games with this variation.} O-O $6 ({The time-tested} 8... d5 {
or the tricky}) (8... Nxe4 {are the right way to continue.}) 9. O-O (9. d5 $1 {
was more challenging while}) (9. e5 $6 {is met by} d5 $1) 9... d6 $6 ({Again} 
9... d5 {or}) (9... Nxe4 {were needed to break up White's center.}) 10. Re1 (
10. h3 {to prevent ...Bg4 can be met by} d5 {or} (10... Nxe4)) 10... Bg4 11. h3
Bxf3 12. Nxf3 Re8 $2 {Diagram [#]} (12... d5) 13. e5 $1 dxe5 $2 (13... d5 {
was the last chance.}) 14. dxe5 Qxd1 15. Raxd1 Nxe5 {Capitulation, but there
were no satisfactory alternatives. 1-0 (15) O'Connor,D (2157)-Handler,A (1701)
San Francisco 2016} (15... Nh5 16. Rd7 Re7 17. Rxe7 Nxe7 18. Ng5 (18. Re4 g6
19. Ng5 Rf8 20. g4 Ng7 21. Rf4 {is also good if more complicated.}) 18... Rf8
19. Rd1 {is a straightforward way to achieve a winning position.}) 16. Nxe5 b5
17. Bxf7+ 1-0

[Event "Mechanics' Fall TNM; G/2"]
[Site "San Francisco"]
[Date "2016.10.25"]
[Round "2.36"]
[White "Adams, Sophie"]
[Black "Hack, Richard"]
[Result "1/2-1/2"]
[WhiteElo "1224"]
[BlackElo "1611"]
[PlyCount "119"]
[EventDate "2016.??.??"]

1. e4 e5 2. Nf3 Nc6 3. Bc4 Bc5 4. c3 d6 5. d4 exd4 6. cxd4 Bb4+ 7. Bd2 Bxd2+ 8.
Nbxd2 Nf6 9. O-O O-O 10. Re1 Bg4 11. h3 Bh5 12. Nf1 Re8 13. Ng3 Bg6 14. e5 Nh5
15. Nf1 Nb4 16. Qb3 Nc2 {Diagram [#]} 17. Bxf7+ $1 Bxf7 18. Qxc2 Bd5 19. Qf5 g6
20. Qd3 Nf4 21. Qc3 Rf8 22. N1h2 Qd7 23. Re3 Be6 24. Qa3 Nd5 25. Rd3 h6 26. h4
Rf7 27. Nd2 Raf8 28. Rf1 a6 29. exd6 cxd6 30. Ne4 Rf4 31. Nxd6 Rxh4 32. Rf3
Rxf3 33. Nxf3 Rf4 34. Ne5 Qd8 35. Nxb7 Qg5 36. Qg3 Qxg3 37. fxg3 Rxd4 38. Nxg6
Kg7 39. Nf4 Nxf4 40. gxf4 Bxa2 41. Rf2 Rd1+ 42. Kh2 Bd5 43. Nd6 Be6 44. Ne8+
Kg6 45. Nc7 Bc4 46. Kg3 Rd7 47. b3 Bxb3 48. Nxa6 Rd3+ 49. Kh2 Rd5 50. Nb4 Rh5+
51. Kg1 Rb5 52. Nd3 Kf5 53. g3 Bd5 54. Kh2 Rb1 55. Kh3 Rh1+ 56. Rh2 Rxh2+ 57.
Kxh2 Be4 58. Ne5 h5 59. Kh3 Bc2 60. Kh4 1/2-1/2

[Event "Mechanics' Fall TNM; G/2"]
[Site "San Francisco"]
[Date "2016.11.22"]
[Round "6.33"]
[White "Adams, Sophie"]
[Black "MacIntyre, Brendan"]
[Result "1/2-1/2"]
[WhiteElo "1224"]
[BlackElo "1548"]
[PlyCount "101"]
[EventDate "2016.??.??"]

1. e4 c5 2. Nf3 Nc6 3. c3 d5 4. exd5 Qxd5 5. Be2 Nf6 6. d4 cxd4 7. cxd4 g6 8.
Nc3 Qd8 9. O-O Bg7 10. d5 Nb8 11. Bc4 O-O 12. Bg5 Qc7 13. Bb3 Bg4 14. h3 Bxf3
15. Qxf3 Nbd7 16. Rac1 Qa5 17. Rfe1 Qb4 18. Bd2 Qd6 19. Bf4 Qb4 20. Ne4 Rac8
21. Rcd1 Nh5 22. Bd2 Qb6 23. Nc3 Ne5 24. Qe4 Ng3 25. Qf4 Nh5 26. Qe4 Ng3 27.
Qe3 Nf5 28. Qxb6 axb6 29. Kf1 Bf6 30. Ne4 Bg7 31. Bc3 Nc4 32. Bxg7 Kxg7 33. Re2
Rfd8 34. g4 Nh4 35. Nc3 Kf8 36. Rd4 Nd6 37. Rd3 b5 38. Rde3 Rd7 39. f3 g5 40.
Kf2 Ng6 41. Kg3 Nc4 42. Re4 Nxb2 43. Nxb5 Nd3 44. Rd2 Ndf4 45. Red4 Rc5 46. a4
Rc1 47. Bd1 Ne5 48. Na3 Rc3 49. Nb5 Re3 50. Re4 Rxe4 51. fxe4 1/2-1/2

[Event "Mechanics' Fall TNM; G/2"]
[Site "San Francisco"]
[Date "2016.12.06"]
[Round "8.32"]
[White "Adams, Sophie"]
[Black "Sachs-Weintraub, J."]
[Result "0-1"]
[WhiteElo "1224"]
[BlackElo "1525"]
[Annotator "Donaldson"]
[PlyCount "88"]
[EventDate "2016.??.??"]

1. e4 c5 2. c3 e5 3. Nf3 d6 4. Bb5+ Bd7 5. Bxd7+ Qxd7 6. O-O Nf6 7. Re1 Be7 8.
Na3 (8. d4) 8... O-O 9. Nc4 Nc6 10. d3 b5 11. Ne3 a5 12. Nf5 b4 13. Bg5 h6 14.
Nxe7+ Qxe7 15. Bh4 Qe6 16. h3 a4 17. a3 bxa3 18. Rxa3 g5 19. Bg3 Qd7 20. d4
cxd4 21. cxd4 Nxd4 22. Nxd4 exd4 23. Qxd4 Ne8 24. e5 d5 25. h4 Nc7 26. hxg5 Nb5
27. Qh4 Nxa3 28. gxh6 Qe6 29. bxa3 Ra6 30. Bf4 Kh7 31. Bg5 Rg8 32. Bf6 Rc6 33.
Bg7 Rc4 34. Qg3 Rgc8 35. Bf6 Qg4 36. Qxg4 Rxg4 37. Bg7 Rgc4 38. e6 Re8 39. exf7
Rxe1+ 40. Kh2 Rc8 41. f8=Q Rxf8 42. Bxf8 d4 43. Bb4 Re8 44. Kg3 Kxh6 {
and Black later won.} 0-1

[Event "Mechanics' Fall TNM; G/2"]
[Site "San Francisco"]
[Date "2016.12.13"]
[Round "9.35"]
[White "Adams, Sophie"]
[Black "Yamamoto, Craig"]
[Result "0-1"]
[WhiteElo "1224"]
[BlackElo "1523"]
[PlyCount "80"]
[EventDate "2016.??.??"]

1. e4 Nf6 2. e5 Nd5 3. d4 d6 4. exd6 exd6 5. Nf3 Be7 6. Be2 Bf6 7. O-O O-O 8.
c3 b6 9. c4 Ne7 10. Nc3 d5 11. b3 c6 12. Qc2 Bf5 13. Bd3 g6 14. Bh6 Re8 15.
Rfe1 dxc4 16. bxc4 Na6 17. Bxf5 Nxf5 18. Rxe8+ Qxe8 19. Re1 Qd7 20. Qd2 Nxd4
21. Nxd4 Qxd4 22. Qxd4 Bxd4 23. Ne4 Rd8 24. Kf1 f6 25. f3 Kf7 26. Ke2 Nc5 27.
Nxc5 Bxc5 28. Rd1 Re8+ 29. Kf1 g5 30. h4 Kg6 31. hxg5 fxg5 32. Bxg5 Kxg5 33.
Rd7 Re7 34. Rxe7 Bxe7 35. g3 b5 36. cxb5 cxb5 37. Ke2 Bc5 38. Kd3 Kf5 39. Ke2
a5 40. f4 Kg4 0-1

[Event "Mechanics' Alan Benson TNM; G/2"]
[Site "San Francisco"]
[Date "2016.08.09"]
[Round "2.22"]
[White "Agdamag, Samuel"]
[Black "Brown, Nicholas M"]
[Result "0-1"]
[WhiteElo "1500"]
[BlackElo "1419"]
[Annotator "Winslow"]
[PlyCount "34"]
[EventDate "2016.??.??"]

1. e4 c6 2. d4 d5 3. exd5 cxd5 4. Nf3 Nf6 5. Bf4 e6 6. Na3 a6 7. Bd3 Be7 8. O-O
O-O 9. Re1 Nc6 10. c3 Bd7 11. Nc2 Nh5 12. Bd2 Bd6 {Diagram (#)} 13. Bxh7+ $5
Kh8 $4 (13... Kxh7 14. Ng5+ Kg6 {
is often the best way to go; here White just doesn't have an effective followup
} 15. Qg4 Nf6 {and into e4, trading off the knight} (15... f5)) 14. Ng5 $2 (14.
Ne5 {and White just keeps coming out ahead} g6 (14... Qh4 15. g3 Qh3 16. Nxd7
Rfd8 17. Nb6 Nf6 18. Bd3 Ng4 19. Qf3 Rab8 20. Qg2) 15. Bxg6 fxg6 16. Nxg6+ Kg7
17. Qxh5) 14... g6 15. Nxf7+ $5 (15. Qf3) (15. Qg4) 15... Rxf7 16. Bxg6 Bxh2+
$1 {Diagram (#) It's a double BxRP+ game!} 17. Kf1 $4 (17. Kxh2 Qh4+ 18. Kg1
Qxf2+ $19 19. Kh2 (19. Kh1 Ng3+ 20. Kh2 Rg8 $1 {far more decisive!} (20... Kg7)
21. Rf1 Rxg6 $1) 19... Qg3+ 20. Kg1 Qxg6) 17... Ng3# 0-1

[Event "Mechanics' Winter TNM; G/2"]
[Site "San Francisco"]
[Date "2016.02.16"]
[Round "7.31"]
[White "Agdamag, Samuel"]
[Black "Hack, Richard"]
[Result "0-1"]
[WhiteElo "1427"]
[BlackElo "1654"]
[PlyCount "138"]
[EventDate "2016.??.??"]

1. e4 e5 2. Nf3 Nc6 3. Bc4 Bc5 4. O-O Nf6 5. d4 Bxd4 6. Nxd4 Nxd4 7. Bg5 O-O 8.
f4 d6 9. Nc3 Be6 10. Bd5 c6 11. fxe5 dxe5 12. Bb3 Bxb3 13. axb3 Kh8 14. Rc1 h6
15. Bh4 g5 16. Bg3 Re8 17. Qe1 Kg7 18. Qf2 Re6 19. Rcd1 Qe7 20. Rd2 Nh5 21.
Bxe5+ Rxe5 22. Qxd4 f6 23. g3 Kg6 24. Re1 Ng7 25. Kg2 Ne6 26. Qf2 a5 27. Rf1
Nc5 28. Re2 Re8 29. Rfe1 Qf7 30. g4 Kg7 31. Qd4 R8e7 32. Qf2 R7e6 33. Qf3 Qe7
34. h3 Rd6 35. Qf2 Ne6 36. Kh2 Nf4 37. Re3 Qd7 38. Kg3 Rd2 39. R1e2 Nxe2+ 40.
Rxe2 Rxe2 41. Qxe2 Qd6 42. Kf3 Qd4 43. Qe1 b5 44. Qe3 Qxe3+ 45. Kxe3 Kg6 46.
Kf3 Re7 47. Ke3 h5 48. Kf3 Rh7 49. Kg3 hxg4 50. Kxg4 Rh4+ 51. Kg3 Rf4 52. e5
fxe5 53. Ne2 Re4 54. Kf3 Rh4 55. Kg3 Kf5 56. Ng1 e4 57. Ne2 Ke5 58. c3 Rh7 59.
Nd4 Rh6 60. Kg4 Rh4+ 61. Kxg5 Rxh3 62. Nxc6+ Kd5 63. Nd4 Rd3 64. Nxb5 e3 65.
Na3 e2 66. Nc2 Rd2 67. Ne3+ Ke4 68. Ng2 Kf3 69. Nh4+ Kf2 0-1

[Event "Mechanics' Winter TNM; G/2"]
[Site "San Francisco"]
[Date "2016.01.19"]
[Round "3.35"]
[White "Agdamag, Samuel"]
[Black "Harmon, Fredrick G"]
[Result "1-0"]
[WhiteElo "1427"]
[BlackElo "1812"]
[PlyCount "77"]
[EventDate "2016.??.??"]

1. e4 c5 2. Nf3 Nc6 3. Nc3 e6 4. d3 Nge7 5. Bg5 a6 6. g3 Qc7 7. Bg2 Ng6 8. O-O
Be7 9. Be3 O-O 10. a3 b6 11. Nd2 Bb7 12. f4 Rad8 13. Qh5 d6 14. Nf3 Nb8 15. Nd1
d5 16. e5 d4 17. Bd2 f6 18. exf6 Bxf6 19. Nf2 Nd7 20. Nh3 Be7 21. Nfg5 Nf6 22.
Qe2 Bc8 23. Nxe6 Bxe6 24. Qxe6+ Kh8 25. Rae1 Rde8 26. Qc6 Bd6 27. Ng5 Qxc6 28.
Bxc6 Re7 29. Rxe7 Nxe7 30. Ba4 h6 31. Ne4 Bc7 32. Re1 Nc8 33. Nxf6 gxf6 34. Bb3
Kg7 35. Kg2 Bb8 36. Re6 Bd6 37. Bd5 Bc7 38. Bb7 a5 39. Rc6 1-0

[Event "Mechanics' Alan Benson TNM; G/2"]
[Site "San Francisco"]
[Date "2016.09.27"]
[Round "9.23"]
[White "Agdamag, Samuel"]
[Black "Simpkins, Jerry"]
[Result "1-0"]
[WhiteElo "1730"]
[BlackElo "1542"]
[Annotator "Donaldson"]
[PlyCount "47"]
[EventDate "2016.??.??"]

1. e4 e5 2. Bc4 Nf6 3. d4 Nc6 4. dxe5 Nxe5 5. Bb3 Nxe4 $4 {Diagram [#]} (5...
Bc5) 6. Qd5 $1 Qf6 7. Qxe4 Bc5 8. Nf3 O-O 9. Qxe5 Qb6 10. O-O d6 11. Qg3 Be6
12. Bh6 Bd4 13. Nxd4 Qxd4 14. Nc3 Qf6 15. Bg5 Qf5 16. Rad1 h6 17. Bxh6 Qh7 18.
Qxg7+ Qxg7 19. Bxg7 Kxg7 20. Rfe1 Rae8 21. Bxe6 fxe6 22. Nb5 Rf7 23. Rd3 c6 24.
Nxd6 1-0

[Event "Mechanics' Spring TNM; G/2"]
[Site "San Francisco"]
[Date "2016.04.26"]
[Round "7.37"]
[White "Allen, Tom"]
[Black "Abraham, Michael D"]
[Result "1-0"]
[WhiteElo "1486"]
[BlackElo "1549"]
[PlyCount "111"]
[EventDate "2016.??.??"]

1. e4 c5 2. d4 cxd4 3. c3 Nc6 4. cxd4 e6 5. Nf3 Bb4+ 6. Nc3 Nf6 7. Bd3 h6 8.
O-O O-O 9. Bd2 b6 10. a3 Be7 11. Re1 Bb7 12. e5 Nd5 13. Nxd5 exd5 14. b4 Rc8
15. b5 Na5 16. Qa4 d6 17. Rac1 dxe5 18. Nxe5 Bd6 19. Rxc8 Bxc8 20. Bxa5 Bxe5
21. Bb4 Bd6 22. Bxd6 Qxd6 23. Qxa7 Qf6 24. Qa4 Be6 25. Rc1 Qf4 26. Qd1 Bg4 27.
f3 Qe3+ 28. Kf1 Be6 29. Rc6 Rc8 30. Qe2 Qxe2+ 31. Kxe2 Rxc6 32. bxc6 Bc8 33.
Ke3 g5 34. g4 f6 35. Bf5 Ba6 36. c7 Kf7 37. c8=Q Bxc8 38. Bxc8 Ke7 39. a4 Kd6
40. f4 Kc7 41. Be6 Kd6 42. Bf5 Kc6 43. Bd3 Kb7 44. Kf3 Kc7 45. Kg3 Kd6 46. h4
Ke7 47. Bf5 Kd6 48. hxg5 hxg5 49. fxg5 fxg5 50. Kf3 Kc6 51. Ke3 Kd6 52. Kd3 Kc6
53. Kc3 Kd6 54. Kb4 Kc6 55. Be6 Kd6 56. Kb5 1-0

[Event "Mechanics' Alan Benson TNM; G/2"]
[Site "San Francisco"]
[Date "2016.09.27"]
[Round "9.26"]
[White "Allen, Tom Carter"]
[Black "Casares Jr, Nick"]
[Result "0-1"]
[WhiteElo "1410"]
[BlackElo "1617"]
[PlyCount "43"]
[EventDate "2016.??.??"]

1. e4 e5 2. Nf3 Nc6 3. d4 exd4 4. c3 dxc3 5. Bc4 Nf6 6. Nxc3 Bb4 7. O-O O-O 8.
Bg5 Bxc3 9. bxc3 d6 10. Qc2 Ne5 11. Nxe5 dxe5 12. Rad1 Qe7 13. Rd2 Be6 14. Be2
h6 15. Bh4 g6 16. f4 Qc5+ 17. Bf2 Qa5 18. fxe5 Nd7 19. Rb1 Qxe5 20. Rxb7 Nb6
21. Rd4 Qf4 22. e5 0-1